The egotistical sublime : (Record no. 18150)
[ view plain ]
| 000 -LEADER | |
|---|---|
| fixed length control field | 00971cam a22003011 4500 |
| 001 - CONTROL NUMBER | |
| control field | 18150 |
| 003 - CONTROL NUMBER IDENTIFIER | |
| rucl marc code | BD-RjUL |
| 005 - DATE AND TIME OF LATEST TRANSACTION | |
| control field | 20211209000238.0 |
| 008 - FIXED-LENGTH DATA ELEMENTS--GENERAL INFORMATION | |
| fixed length control field | 14 t1954 enk b 001 0beng c |
| 035 ## - SYSTEM CONTROL NUMBER | |
| System control number | (BD-RjUL)18208 |
| System control number | (OCoLC)2088854 |
| 040 ## - CATALOGING SOURCE | |
| Original cataloging agency | Oklahoma. Univ. Libr. |
| Transcribing agency | TxCM |
| Modifying agency | OCoLC |
| -- | NBrockU |
| -- | Uk |
| -- | DLC |
| -- | BD-RjUL |
| Language of cataloging | eng |
| 041 ## - LANGUAGE CODE | |
| Language code of text/sound track or separate title | eng |
| 082 00 - DEWEY DECIMAL CLASSIFICATION NUMBER | |
| Classification number | 821.71 |
| Author mark and year | JOE 1954 |
| 100 1# - MAIN ENTRY--PERSONAL NAME | |
| Personal name | Jones, John, |
| Dates associated with a name | 1924- |
| 9 (RLIN) | 55897 |
| 245 14 - TITLE STATEMENT | |
| Title | The egotistical sublime : |
| Remainder of title | a history of Wordsworth's imagination / |
| 260 ## - PUBLICATION, DISTRIBUTION, ETC. (IMPRINT) | |
| Place of publication, distribution, etc. | London : |
| Name of publisher, distributor, etc. | Chatto & Windus, |
| Date of publication, distribution, etc. | 1954. |
| 300 ## - PHYSICAL DESCRIPTION | |
| Pagination | ix, 212 p. ; |
| Size | 21 cm. |
| 504 ## - BIBLIOGRAPHY, ETC. NOTE | |
| Bibliography, etc | Bibliographical footnotes. |
| 600 10 - SUBJECT ADDED ENTRY--PERSONAL NAME | |
| Personal name | Wordsworth, William, |
| Dates associated with a name | 1770-1850 |
| General subdivision | Criticism and interpretation. |
| 650 #0 - SUBJECT ADDED ENTRY--TOPICAL TERM | |
| Topical term or geographic name as entry element | Sublime, The, in literature. |
| 9 (RLIN) | 55899 |
| Topical term or geographic name as entry element | Egoism in literature. |
| 9 (RLIN) | 55900 |
| Topical term or geographic name as entry element | Self in literature. |
| 9 (RLIN) | 51846 |
| Topical term or geographic name as entry element | Imagination. |
| 9 (RLIN) | 5482 |
| 942 ## - ADDED ENTRY ELEMENTS (KOHA) | |
| Source of classification or shelving scheme | Dewey Decimal Classification |
| Koha item type | Books |
| Lost status | Source of classification or shelving scheme | Damaged status | Not for loan | Collection code | Permanent Location | Current Location | Shelving location | Date acquired | Source of acquisition | Cost, normal purchase price | Total Checkouts | Full call number | Date last seen | Copy number | Koha item type |
|---|---|---|---|---|---|---|---|---|---|---|---|---|---|---|---|
| Dewey Decimal Classification | Not For Loan | Non-fiction | Central Library, University of Rajshahi | Central Library, University of Rajshahi | Reading Room | 05/07/1955 | Cassell & comp. | 8.00 | 821.71 JOE 1954 | 19/02/2014 | C-1 | Books | |||
| Dewey Decimal Classification | Non-fiction | Central Library, University of Rajshahi | Central Library, University of Rajshahi | 05/07/1955 | Cassell & comp. | 821.71 JOE 1954 | 16/03/2020 | C-2 | Books |